000
00277nam a22000857a 4500
999
_c
514983
_d
514983
100
_a
Raghavan,Chakravarthi
_9
20016
245
_a
Recolonization
_b
GATT, the Urugway round and the third world
_c
by Chakravarthi,Raghvan
260
_a
Malaysia
_b
Third World Network
_c
1991
300
_a
319p.